| 000 | 00490nam a2200181Ia 4500 | ||
|---|---|---|---|
| 001 | 23490 | ||
| 005 | 20260414150940.0 | ||
| 008 | 260414t2020||||xx |||||||||||||| ||spa|| | ||
| 041 | _aESP | ||
| 082 |
_a650.1 _bT95 |
||
| 100 |
_aTurak, August _eAUT |
||
| 245 | 0 |
_aSecretos empresariales de los monjes trapenses : _bLa busqueda de sentido y autenticidad de un ejecutivo |
|
| 260 | _c2020 | ||
| 300 |
_a174 páginas : _c\N |
||
| 650 | _aGEN | ||
| 654 | _aCCO | ||
| 942 |
_cLIB _dJUS _fJUS _2ddc _n |
||
| 999 |
_c23490 _d23490 |
||